Normal view
MARC view
- WORLD WIDE WEB (INFORMATION RETRIEVEL SYSTEM) HTML INTERACTIVE MULTIMEDIA
Entry Topical Term
001 - CONTROL NUMBER
- control field: 73497
003 - CONTROL NUMBER IDENTIFIER
- control field: NUST
005 - DATE AND TIME OF LATEST TRANSACTION
- control field: 20210628205027.0
008 - FIXED-LENGTH DATA ELEMENTS
- fixed length control field: 210628|| aca||aabn | a|a d
040 ## - CATALOGING SOURCE
- Original cataloging agency: NUST
- Transcribing agency: NUST
150 ## - HEADING--TOPICAL TERM
- Topical term or geographic name entry element: WORLD WIDE WEB (INFORMATION RETRIEVEL SYSTEM) HTML INTERACTIVE MULTIMEDIA
670 ## - SOURCE DATA FOUND
- Source citation: Work cat.: (NUST): Fisher, Scot 73496, Creating dynamics web sites a web masters guide to interactive multimedia, 1997
